Nothing ventured

Bibliographic Details
Main Author: Archer, Jeffrey
Format: Book
Published: London : Macmillan , 2019
Subjects:

MARC

LEADER 00000cam a2200000 7i4500
001 0000278472
005 20201207140649.0
020 |a 9781509851287 
090 0 |a F   |b ARC 
100 1 |a Archer, Jeffrey 
245 1 0 |a Nothing ventured   |c Jeffrey Archer 
260 |a London :   |b Macmillan ,   |c 2019 
300 |a 323p. ;   |c 25cm. 
650 0 |a Fiction 
999 |a 00385790   |b BUKU   |c PINJAMAN   |e PERPUSTAKAAN KOMUNITI PETALING JAYA